Causalismo y finalismo en Derecho Penal. (Aspectos de la enseñanza penal en Hispanoamérica)
Saved in:
| Hovedforfatter: | |
|---|---|
| Format: | Bog |
| Sprog: | spansk |
| Udgivet: |
San José, Costa Rica
Juricentro S.A
1980
|
| Serier: | Escuela Libre de Derecho
|
| Fag: | |
| Tags: |
Tilføj Tag
Ingen Tags, Vær først til at tagge denne postø!
|
MARC
| LEADER | 00000cam a2200000 a 4500 | ||
|---|---|---|---|
| 001 | UCC9842 | ||
| 003 | CL-VaPUC | ||
| 005 | 20230112145820.0 | ||
| 008 | 191117e19800000cr spa d | ||
| 999 | |c 376187 |d 376185 | ||
| 040 | |c Pontificia Universidad Católica de Valparaíso | ||
| 082 | 0 | 4 | |a 345 NOV 1980 |2 21 |
| 100 | |a Novoa Monreal, Eduardo |e autor |9 499707 | ||
| 245 | 1 | 0 | |a Causalismo y finalismo en Derecho Penal. |b (Aspectos de la enseñanza penal en Hispanoamérica) |
| 260 | |a San José, Costa Rica |b Juricentro S.A |c 1980 | ||
| 300 | |a 147 páginas | ||
| 490 | 0 | |a Escuela Libre de Derecho | |
| 583 | |a last modification |c 20191117 22:03:00 |k Rodrigo Vera | ||
| 650 | 0 | 0 | |a Crímenes |9 225419 |
| 650 | 0 | 7 | |a DERECHO PENAL |2 CL-VaPUC |9 11 |
| 650 | 0 | 7 | |a CAUSALIDAD |2 CL-VaPUC |9 225420 |
| 852 | |a BIBDER | ||
| 942 | |c BK |2 ddc | ||
| 945 | |a dcastane |d 20191117 22:03:00 | ||
| 952 | |0 0 |1 0 |3 erb |4 0 |6 345_000000000000000_NOV_1980 |7 0 |8 A |9 495461 |a BIBDER |b BIBDER |d 2019-11-11 |e Mateluna Arestizabal, Alfredo Sergio |i 5610087 |l 1 |o 345 NOV 1980 |p 5610087 |r 2023-11-07 |s 2023-11-03 |w 2020-01-06 |y BK |z Catalogado en:20191117 |k DER | ||